Tolnai Ottó sportolásai mint a világ megjavítására tett kísérletek

Elmentve itt :
Bibliográfiai részletek
Szerző: Bencsik Orsolya
Dokumentumtípus: Cikk
Megjelent: 2025
Sorozat:HÍD 89 No. 11-12
Tárgyszavak:
mtmt:36884132
Online Access:http://publicatio.bibl.u-szeged.hu/39595
LEADER 00637nab a2200193 i 4500
001 publ39595
005 20260310154329.0
008 260310s2025 hu o 000 hun d
022 |a 0350-9079 
024 7 |a 36884132  |2 mtmt 
040 |a SZTE Publicatio Repozitórium  |b hun 
041 |a hun 
100 1 |a Bencsik Orsolya 
245 1 0 |a Tolnai Ottó sportolásai mint a világ megjavítására tett kísérletek  |h [elektronikus dokumentum] /  |c  Bencsik Orsolya 
260 |c 2025 
300 |a 72-89 
490 0 |a HÍD  |v 89 No. 11-12 
650 4 |a Nyelvek és irodalom 
856 4 0 |u http://publicatio.bibl.u-szeged.hu/39595/7/36884132.pdf  |z Dokumentum-elérés